NLSUI OPAC header image

Interaction and conflict between intellectual property rights and competition laws and policy : a critical study (Record no. 217210)

MARC details
000 -LEADER
fixed length control field 00509nam a2200133Ia 4500
005 - DATE AND TIME OF LATEST TRANSACTION
control field 20260209120135.0
008 - FIXED-LENGTH DATA ELEMENTS--GENERAL INFORMATION
fixed length control field 260209s9999||||xx |||||||||||||| ||und||
100 ## - MAIN ENTRY--PERSONAL NAME
Personal name Hely Ashwin Shah
245 #0 - TITLE STATEMENT
Title Interaction and conflict between intellectual property rights and competition laws and policy : a critical study
260 ## - PUBLICATION, DISTRIBUTION, ETC.
Place of publication, distribution, etc. BangaloreBangalore
Name of publisher, distributor, etc. NLSIU
Date of publication, distribution, etc. 2015
300 ## - PHYSICAL DESCRIPTION
Extent 129 p. ; 25 cm.
700 ## - ADDED ENTRY--PERSONAL NAME
Personal name Dr. Varsha Vahini - GuideDr. Varsha Vahini - Guide
856 ## - ELECTRONIC LOCATION AND ACCESS
Uniform Resource Identifier <a href="https://dans.nls.ac.in/handle/123456789/1733">https://dans.nls.ac.in/handle/123456789/1733</a>
Holdings
Withdrawn status Lost status Damaged status Not for loan Home library Current library Date acquired Total Checkouts Barcode Date last seen Price effective from Koha item type
        . . 09.02.2026   LLM575 09.02.2026 09.02.2026 Dissertation